<?xml version="1.0" encoding="UTF-8"?><?xml-stylesheet type="text/xsl" href="static/style.xsl"?><OAI-PMH xmlns="http://www.openarchives.org/OAI/2.0/" xmlns:xsi="http://www.w3.org/2001/XMLSchema-instance" xsi:schemaLocation="http://www.openarchives.org/OAI/2.0/ http://www.openarchives.org/OAI/2.0/OAI-PMH.xsd"><responseDate>2026-04-17T07:45:01Z</responseDate><request verb="GetRecord" identifier="oai:www.recercat.cat:2072/307889" metadataPrefix="marc">https://recercat.cat/oai/request</request><GetRecord><record><header><identifier>oai:recercat.cat:2072/307889</identifier><datestamp>2025-03-18T15:33:07Z</datestamp><setSpec>com_2072_220028</setSpec><setSpec>com_2072_4427</setSpec><setSpec>col_2072_220405</setSpec></header><metadata><record xmlns="http://www.loc.gov/MARC21/slim" xmlns:dcterms="http://purl.org/dc/terms/" xmlns:xsi="http://www.w3.org/2001/XMLSchema-instance" xmlns:doc="http://www.lyncode.com/xoai" xsi:schemaLocation="http://www.loc.gov/MARC21/slim http://www.loc.gov/standards/marcxml/schema/MARC21slim.xsd">
   <leader>00925njm 22002777a 4500</leader>
   <datafield ind2=" " ind1=" " tag="042">
      <subfield code="a">dc</subfield>
   </datafield>
   <datafield ind2=" " ind1=" " tag="720">
      <subfield code="a">Palet i Martínez, Josep M.</subfield>
      <subfield code="e">author</subfield>
   </datafield>
   <datafield ind2=" " ind1=" " tag="720">
      <subfield code="a">Garcia i Molsosa, Arnau</subfield>
      <subfield code="e">author</subfield>
   </datafield>
   <datafield ind2=" " ind1=" " tag="720">
      <subfield code="a">Orengo Romeu, Hector A.</subfield>
      <subfield code="e">author</subfield>
   </datafield>
   <datafield ind2=" " ind1=" " tag="720">
      <subfield code="a">Polonio Alamino, Tania</subfield>
      <subfield code="e">author</subfield>
   </datafield>
   <datafield ind2=" " ind1=" " tag="260">
      <subfield code="c">2017</subfield>
   </datafield>
   <datafield ind2=" " ind1=" " tag="520">
      <subfield code="a">En aquest treball s’ofereix una panoràmica dels estudis realitzats pel Grup d’Investigació en Arqueologia del Paisatge (GIAP) als espais altimontans pirenaics orientals en els darrers 10 anys. Des d’un enfocament multidisciplinari en el marc de l’arqueologia del paisatge, els resultats obtinguts permeten trencar amb la visió tradicional d’aquestes àrees muntanyenques a l’Antiguitat, mostrant la seva intensa explotació i una forta antropització que ja comença en el període Neolític.</subfield>
   </datafield>
   <datafield ind2=" " ind1=" " tag="520">
      <subfield code="a">This work offers an overview about the studies conducted by the Grup d’Investigació en Arqueologia del Paisatge (GIAP) in the Eastern Pyrenees high mountain areas during the last ten years. From a multidisciplinary approach within the framework of landscape archaeology, the results obtained make it possible to break with the traditional vision of these mountainous areas
in antiquity, showing their intense exploitation and strong anthropization, already beginning in the Neolithic period.</subfield>
   </datafield>
   <datafield ind1="8" ind2=" " tag="024">
      <subfield code="a">http://hdl.handle.net/2072/307889</subfield>
   </datafield>
   <datafield ind1="8" ind2=" " tag="024">
      <subfield code="a">https://doi.org/10.5565/rev/tda.59</subfield>
   </datafield>
   <datafield ind2="0" ind1="0" tag="245">
      <subfield code="a">Els espais altimontans pirenaics orientals a l’Antiguitat: 10 anys d’estudis en arqueologia del paisatge del GIAP-ICAC</subfield>
   </datafield>
</record></metadata></record></GetRecord></OAI-PMH>